000 01083nam a2200205Ia 4500
003 Ost
005 20260507075039.0
008 260507s9999||||xx |||||||||||||| ||und||
040 _cfsecg
041 _aara
082 _a330
100 _aإبراهيم، نادر محمد
_eمؤلف
245 0 _aمركز القواعد عبر الدولية-أمام التحكيم الاقتصادي الدولي /
_c نادر محمد إبراهيم
260 _aالاسكندرية:
_bدار الفكر الجامعي,
_c2002
300 _a721 صفحة؛
_c25 سم
520 _aمفهوم التحكيم الاقتصادي الدولي-تاريخ تطور ظاهرة القواعد عبر الدولية-خصائص القواعد عبر الدولية في العصر الحديث-نظام تطبيق القواعد عبر الدولية من المنظور عبر الدولي-مشروعية تطبيق القواعد عبر الدولية من المنظور الداخلي
653 _aالاقتصاد الدولي
653 _aالتحكيم الدولي
942 _cكتاب
999 _c42486
_d42486